000 00283nam a2200121Ia 4500
008 191201s2014 xx 000 0 und d
100 _aSCHILDT,Herbert
245 0 _aComplete reference C++
250 _aRep
260 _c2014
_bTMH
_aNEW DELHI
300 _a1023
942 _2ddc
_cBK
_010
999 _c7921
_d7921